| 000 | 00954nam2a2200253 4500 | ||
|---|---|---|---|
| 001 | RU\NLR\bibl\1091750 | ||
| 005 | 20250615052909.0 | ||
| 010 |
_a5-7761-1557-4 _910500 |
||
| 021 |
_aRU _b2007-26293 _91400 |
||
| 035 | _a(NLR Aleph) 001078881 | ||
| 090 |
_a1045736 _c1045736 |
||
| 100 | _a20070529d2006 |||y0rusy50 ca | ||
| 101 | 0 | _arus | |
| 102 | _aRU | ||
| 105 | _aa ||||||||| | ||
| 200 | 0 | _aЧ. 2 | |
| 210 |
_d2006 _aБ. м. |
||
| 215 |
_a140,[3] с. _cцв. ил. |
||
| 461 | 0 |
_1001RU\NLR\bibl\1134010 _12001#$aЛитературное чтение$vЧ. 2 _91297456 _aЯгафарова, Р. Х. _cКазань _d2006 _fР. Х. Ягафарова _nМагариф _oучебник для 4 класса четырехлетней начальной татарской школы : в 2 ч. _tЛитературное чтение _vЧ. 2 |
|
| 801 | 0 |
_aRU _bNLR _c20070529 _gRCR |
|
| 801 | 1 |
_aRU _bNLR _c20070529 |
|
| 942 | _cBOOK | ||
| 980 | _aNB | ||